000
00337 a2200157 4500
001
190479
020
_a
978-85-7984-106-4
040
_c
Magnum
100
_a
Dias, Jonathan R.
240
1
0
_a
Anjos ou demônios
_l
por
245
1
0
_a
Anjos ou demônios
300
_a
249
362
0
_a
2011
697
_a
LITERATURA JUVENIL
942
_c
BK
999
_c
190479
_d
190479